000 00557nam a2200205Ia 4500
005 20250508151647.0
008 008 250505s9999 xx 000 0 eng d
037 _aTextual
040 _aFEDL
_beng
_cFEDL
041 _aeng
_2eng
084 _a136.7352, KLE
_qFEDL
100 _aKlein Ruth
_9759698
245 0 _aStudies in child welfare
260 _aIowa
_bUniversity of Iowa
_c1939
300 _a157p.
650 _aPhilosophy
700 _a Redfield Janet
_9759699
942 _cTEXL
_h136.7352, KLE
999 _c1331224
_d1331224